Current State of the Absorption of EU Funds during the 2014-2020 Multiannual Financial Framework of the European Union in Slovakia
Stručný popis fungovania finančných nástrojov - rozpočet Európskej únie a viacročný finančný rámec, analýza absorpcie finančných zdrojov európskych štrukturálnych a investičných fondov na Slovensku v priebehu minulých viacročných rámcov a stručný prehľad literatúry. Súčasné možnosti čerpania finančn...
Guardado en:
| Autor principal: | |
|---|---|
| Formato: | Capítulo de libro |
| Lenguaje: | inglés |
| Materias: | |
| Etiquetas: |
Sin Etiquetas, Sea el primero en etiquetar este registro!
|
MARC
| LEADER | 00000naa a2200000 4500 | ||
|---|---|---|---|
| 001 | 0273427 | ||
| 005 | 20240502074317.4 | ||
| 041 | 0 | |a eng | |
| 044 | |a SK | ||
| 245 | 1 | 0 | |a Current State of the Absorption of EU Funds during the 2014-2020 Multiannual Financial Framework of the European Union in Slovakia |c Tomáš Kajánek |
| 520 | |a Stručný popis fungovania finančných nástrojov - rozpočet Európskej únie a viacročný finančný rámec, analýza absorpcie finančných zdrojov európskych štrukturálnych a investičných fondov na Slovensku v priebehu minulých viacročných rámcov a stručný prehľad literatúry. Súčasné možnosti čerpania finančných zdrojov podľa nových pravidiel čerpania zavedených z dôvodu vypuknutia súčasnej globálnej pandémie SARS-CoV-2 a niektoré z príčin, ktoré v menšej či väčšej miere prispeli k nízkej úrovni čerpania fondov EÚ na Slovensku. | ||
| 610 | 2 | 0 | |a Európska únia |
| 610 | 2 | 0 | |a rozpočet spoločný |
| 610 | 2 | 0 | |a fondy investičné |
| 610 | 2 | 0 | |a fondy štruktúrne |
| 610 | 2 | 0 | |a programy operačné |
| 610 | 2 | 0 | |a koronavírus |
| 100 | 1 | |a Kajánek, Tomáš, 1995- | |